|
|
|
|
| LEADER |
01312nam a22002897a 4500 |
| 001 |
38136 |
| 003 |
BD-DhAAL |
| 005 |
20230510152646.0 |
| 008 |
220320t2003 ii ||||| |||| 001 0 ben d |
| 020 |
|
|
|a 8177562819
|
| 020 |
|
|
|a 9788177562811
|
| 040 |
|
|
|a BD-DhAAL
|c BD-DhAAL
|
| 041 |
|
|
|a ben
|
| 082 |
|
|
|a 891.444
|
| 100 |
|
|
|a রায়, শিবনারায়ন
|9 47120
|
| 245 |
|
|
|a প্রবন্ধ সংগ্রহ,
|n ২ /
|c শিবনারায়ন রায়
|
| 260 |
|
|
|a কলকাতা :
|b আনন্দ,
|c ২০০৩.
|
| 300 |
|
|
|a ৩১৮ পৃষ্ঠা,
|a ৩১০ পৃষ্ঠা ;
|c ২২ সে.মি.
|
| 362 |
|
|
|a Vol. 2
|
| 500 |
|
|
|a নির্ঘণ্ট অন্তর্ভুক্ত।
|
| 541 |
|
|
|a Donated By Akbar Ali Khan
|e 38136, 38333
|
| 650 |
|
|
|a Bengali essays.
|9 47121
|
| 852 |
|
|
|a Ayesha Abed Library
|c Akbar Ali Khan Collection
|
| 942 |
|
|
|2 ddc
|c BK
|
| 999 |
|
|
|c 43809
|d 43809
|
| 952 |
|
|
|0 0
|1 0
|2 ddc
|4 0
|6 891_444000000000000_RAY
|7 1
|9 70179
|a BRACUL
|b BRACUL
|c AAKC
|d 2022-03-20
|e Donated by Akbar Ali Khan
|l 0
|o 891.444 RAY
|p 3010038136
|r 2022-03-20
|t 1
|w 2022-03-20
|y BK
|
| 952 |
|
|
|0 0
|1 0
|2 ddc
|4 0
|6 891_444000000000000_RAY
|7 1
|9 70514
|a BRACUL
|b BRACUL
|c AAKC
|d 2022-04-17
|e Donated by Akbar Ali Khan
|l 0
|o 891.444 RAY
|p 3010038333
|r 2022-04-17
|t 2
|w 2022-04-17
|y BK
|